| 000 | 00389nam a2200145Ia 4500 | ||
|---|---|---|---|
| 008 | 240729s9999 xx 000 0 und d | ||
| 245 | 0 | _aNSW Public Health Bulletin | |
| 260 | _aAustralia | ||
| 260 | _bSax Institute | ||
| 650 | _a Public aspects of medicine | ||
| 650 | _aMedicine | ||
| 856 | _uhttps://doaj.org/toc/29b6960ec35c42b89b75994e7304981f | ||
| 942 | _2ddc | ||
| 942 | _cDOAJEJ | ||
| 999 |
_c66839 _d66839 |
||
| 945 |
_a1 _bMadushi Gamage _c1 _dMadushi Gamage |
||